000 00969nam a22003017a 4500
003 CHAP
005 20220329135107.0
008 971013s1982 r 00010 d
010 _a30816
011 _a31788
035 _a35900
040 _cCHAP
090 _aTesis
100 0 0 _aMarmolejo González, Alonso.
_971467
245 _aGusano de seda (Bombyx mori): aspectos generales sobre su cría
260 _aMéxico, D.F. :
_bEl autor,
_c1982
300 _a71 p.
_b: ilus
502 _aTesis (Médico Veterinario Zootecnista) -- UNAM. Fac. de Medicina Veterinaria y Zootecnia
590 _aALEPH
_b10
_c20130110
_lUCH01
_h1252
590 _aBATCH-UPD
_b10
_c20130110
_lUCH01
_h2251
590 _aBATCH-UPD
_b10
_c20130410
_lUCH01
_h1545
590 _aBATCH-UPD
_b10
_c20130914
_lUCH01
_h2020
590 _aCONVERSION
_b10
_c20130109
_lUCH01
_h1317
650 1 4 _aSericicultura.
_9104546
901 _aBK
942 _cTESIS
949 _bBC
_cTES
_d-82888
_eTS1
_i35900
_si
999 _c30816
_d30816